Die moderne Oper (Record no. 6811)

MARC details
000 -CABECERA
campo de control de longitud fija 00573nam a2200217 a 4500
001 - NÚMERO DE CONTROL
campo de control BRCA_7130
005 - FECHA Y HORA DE LA ÚLTIMA TRANSACCIÓN
campo de control 20190320205725.0
008 - DATOS DE LONGITUD FIJA--INFORMACIÓN GENERAL
campo de control de longitud fija 100112s1875----gw-#######---#000-0#ger-#
041 ## - CÓDIGO DE LENGUA
Código de lengua del texto/banda sonora o título independiente ger
044 ## - CÓDIGO DEL PAÍS DE LA ENTIDAD EDITORA/PRODUCTORA
Código MARC del país gw
050 #4 - SIGNATURA TOPOGRÁFICA DE LA BIBLIOTECA DEL CONGRESO
Número de clasificación ML1700
Número de documento/Ítem .H35 1875
100 1# - ENTRADA PRINCIPAL--NOMBRE DE PERSONA
Nombre de persona Hanslick, Eduardo
Fechas asociadas al nombre 1825-1904
9 (RLIN) 17711
245 10 - MENCIÓN DE TÍTULO
Título Die moderne Oper
Mención de responsabilidad, etc. Ed. Hanslick.
260 ## - PUBLICACIÓN, DISTRIBUCIÓN, ETC.
Lugar de publicación, distribución, etc. Berlìn
Nombre del editor, distribuidor, etc. A. Hofmann
Fecha de publicación, distribución, etc. 1875
300 ## - DESCRIPCIÓN FÍSICA
Extensión viii, 341 p.
Dimensiones 21 cm.
500 ## - NOTA GENERAL
Nota general P10
650 14 - PUNTO DE ACCESO ADICIONAL DE MATERIA--TÉRMINO DE MATERIA
Término de materia o nombre geográfico como elemento de entrada Opera
Subdivisión de forma Historia y crítica
9 (RLIN) 17712
650 14 - PUNTO DE ACCESO ADICIONAL DE MATERIA--TÉRMINO DE MATERIA
Término de materia o nombre geográfico como elemento de entrada Musica
Subdivisión de forma Historia y crítica
9 (RLIN) 17713
902 ## - CATALOGADOR
Iniciales GFM
942 ## - ELEMENTOS DE PUNTO DE ACCESO ADICIONAL (KOHA)
Fuente del sistema de clasificación o colocación Library of Congress Classification
Tipo de ítem Koha Libros
Holdings
Estado de retiro Estado de pérdida Estado dañado No para préstamo Localización permanente Ubicación/localización actual Fecha de adquisición Número de inventario Total de préstamos Signatura topográfica completa Código de barras Fecha visto por última vez Precio válido a partir de Tipo de ítem Koha
El ejemplar forma parte de la colección y puede ser consultado según las políticas vigentes.       Biblioteca del Museo Franz Mayer (Rogerio Casas-Alatriste) Biblioteca del Museo Franz Mayer (Rogerio Casas-Alatriste) 10/01/2012 P10   ML1700 .H35 1875 (P10) 7577 22/03/2019 22/03/2019 Libros